Technological Elites and Political Parties: The Venezuelan Professional Community /

Đã lưu trong:
Chi tiết về thư mục
Tác giả chính: Martz, John D.
Tác giả khác: Myers, David J.
Định dạng: Texto
Những chủ đề:
Các nhãn: Thêm thẻ
Không có thẻ, Là người đầu tiên thẻ bản ghi này!

MARC

LEADER 00000 a a2200000 04500
001 43025
003
040
100 |a Martz, John D.  
245 |a Technological Elites and Political Parties:   |b The Venezuelan Professional Community /  |c John D. Martz ; David J. Myers 
650 |a VENEZUELA  
650 |a TRABAJADORES PROFESIONALES  
650 |a SINDICATOS  
650 |a ORGANIZACIONES DE PROFESIONALES  
700 |a Myers, David J.  
773 |g volumen29, número1, 1994, páginas 7-28  
999 |c 29871  |d 29871